Statistics for Country and Capital with Same Amount of Letters

Click here to take the quiz!

General Stats

  • This quiz has been taken 408 times
    (369 since last reset)
  • The average score is 14 of 33

Answer Stats

#Country% Correct
6Russia (Moscow)
75%
4Peru (Lima)
74%
5Japan (Tokyo)
72%
5Egypt (Cairo)
66%
6Canada (Ottawa)
64%
6Monaco (Monaco)
61%
9San Marino (San Marino)
58%
6Greece (Athens)
56%
4Togo (Lomé)
56%
11Vatican City (Vatican City)
54%
9Singapore (Singapore)
52%
4Fiji (Suva)
51%
6Poland (Warsaw)
49%
6Turkey (Ankara)
47%
10Luxembourg (Luxembourg)
44%
5Yemen (Sana'a)
44%
8Djibouti (Djibouti)
41%
5Ghana (Accra)
37%
6Taiwan (Taipei)
37%
6Angola (Luanda)
36%
7Algeria (Algiers)
34%
7Estonia (Tallinn)
31%
7Armenia (Yerevan)
30%
10New Zealand (Wellington)
30%
7Georgia (Tbilisi)
29%
6Zambia (Lusaka)
29%
6Gambia (Banjul)
24%
5Nauru (Yaren)
23%
6Rwanda (Kigali)
23%
8Paraguay (Asunción)
22%
12United States (Washington, DC)
19%
8Botswana (Gaborone)
15%
10Mauritania (Nouakchott)
11%

Score Distribution

Percentile by Number Answered

Percent of People with Each Score

Your Score History

You have not taken this quiz since the last reset